Statistics for Europe Flag Map - Find the Errors

Click here to take the quiz!

General Stats

  • This quiz has been taken 43,162 times
    (42,448 since last reset)
  • The average score is 6 of 8

Answers on the Map

Answers color-coded by a green-red scale on the quiz's map according to % correct below.
 

Answer Stats

Country% Correct
Sweden
94%
United Kingdom
93%
Portugal
83%
Switzerland
74%
Greece
65%
Poland
63%
San Marino
54%
Ukraine
44%

Score Distribution

Percentile by Number Answered

Percent of People with Each Score

Your Score History

You have not taken this quiz since the last reset